[Event "BUL-chT (Women)"]
[Site "Plovdiv"]
[Date "2003.11.??"]
[Round "5"]
[White "Shikova, Vesmina W"]
[Black "Andreeva, Plamena"]
[Result "0-1"]
[WhiteElo "2060"]
[BlackElo "1947"]
[PlyCount "50"]
[EventDate "2003.11.05"]
[EventType "team"]
[EventRounds "7"]
[EventCountry "BUL"]
[SourceTitle "EXT 2006"]
[Source "ChessBase"]
[SourceDate "2005.11.24"]
[SourceVersion "1"]
[SourceVersionDate "2005.11.24"]
[SourceQuality "1"]

1. e4 c5 2. Nf3 e6 3. b3 b6 4. Bb2 Bb7 5. Nc3 a6 6. a4 Qc7 7. Bc4 Nf6 8. 0-0 Nc6 9. Re1 Be7 10. e5 Ng4 11. Qe2 f6 12. exf6 Nd4 13. Nd5 Nxe2+ 14. Rxe2 Bxd5 15. Bxd5 0-0-0 16. fxe7 Rde8 17. Bc4 Qb7 18. Bxg7 Rhg8 19. Bf8 Nf6 20. Kf1 Nd5 21. Re4 Nxe7 22. Bxe7 Qxe4 23. Bxa6+ Kc7 24. Bd3 Qg4 25. Bh4 Qxg2+ 0-1

[Event "BUL-ch (Women)"]
[Site "Pernik"]
[Date "1992.??.??"]
[Round "6"]
[White "Draganova, Petranka"]
[Black "Shikova, Vesmina W"]
[Result "0-1"]
[WhiteElo "2045"]
[BlackElo "2145"]
[PlyCount "94"]
[EventDate "1992.??.??"]
[EventType "swiss"]
[EventRounds "9"]
[EventCountry "BUL"]
[SourceTitle "EXT 1998"]
[Source "ChessBase"]
[SourceDate "1997.11.17"]
[SourceVersion "1"]
[SourceVersionDate "1997.11.17"]
[SourceQuality "1"]

1. e4 c5 2. Nc3 g6 3. Nge2 Bg7 4. d4 cxd4 5. Nxd4 Nc6 6. Nde2 Nf6 7. g3 0-0 8. Bg2 d6 9. h3 Rb8 10. a4 a6 11. 0-0 Be6 12. Nd5 Nd7 13. c3 Nce5 14. Nd4 Bxd5 15. exd5 a5 16. Qe2 Nc5 17. Be3 Ra8 18. Nb5 h6 19. Bxc5 dxc5 20. Rad1 Qb6 21. Kh2 Bf6 22. f4 Nd7 23. Be4 Kg7 24. d6 e6 25. Rd2 Rfc8 26. Qf3 Rab8 27. Rfd1 Bd8 28. c4 Bf6 29. Qd3 Rh8 30. Re2 h5 31. Rde1 Rhd8 32. Bxg6 fxg6 33. Rxe6 Rf8 34. g4 hxg4 35. hxg4 Rh8+ 36. Kg3 Bh4+ 37. Kf3 Qc6+ 38. R1e4 Rbe8 39. Ke2 Rxe6 40. Rxe6 Qg2+ 41. Ke3 Qf2+ 42. Ke4 Nf6+ 43. Rxf6 Bxf6 44. Kd5 Qxf4 45. Kxc5 Qf2+ 46. Kd5 Re8 47. d7 Qg2+ 0-1

[Event "BUL-ch (Women)"]
[Site "Bankia"]
[Date "1991.??.??"]
[Round "4"]
[White "Baninska, Tanja"]
[Black "Shikova, Vesmina W"]
[Result "1-0"]
[WhiteElo "2140"]
[BlackElo "2120"]
[PlyCount "41"]
[EventDate "1991.??.??"]
[EventType "swiss"]
[EventRounds "9"]
[EventCountry "BUL"]
[SourceTitle "EXT 2002"]
[Source "ChessBase"]
[SourceDate "2001.11.25"]
[SourceVersion "1"]
[SourceVersionDate "2001.11.25"]
[SourceQuality "1"]

1. e4 Nf6 2. e5 Nd5 3. d4 d6 4. Nf3 Nb6 5. Be2 Bg4 6. 0-0 e6 7. c4 Be7 8. Nc3 0-0 9. Be3 a5 10. b3 Na6 11. h3 Bh5 12. g4 Bg6 13. h4 Bxh4 14. g5 Bxg5 15. Bxg5 Qd7 16. a3 h6 17. Bh4 Bh7 18. Bd3 Bxd3 19. Qxd3 g5 20. Ne4 Qe7 21. Nf6+ 1-0

[Event "Bucharest (Women)"]
[Site "Bucharest"]
[Date "1991.??.??"]
[Round "?"]
[White "Shikova, Vesmina W"]
[Black "Ionita, Mariana"]
[Result "1/2-1/2"]
[WhiteElo "2120"]
[BlackElo "2090"]
[PlyCount "53"]
[EventDate "1991.??.??"]
[EventType "tourn"]
[EventRounds "11"]
[EventCountry "ROU"]
[SourceTitle "EXT 1997"]
[Source "ChessBase"]
[SourceDate "1996.11.15"]
[SourceVersion "1"]
[SourceVersionDate "1996.11.15"]
[SourceQuality "1"]

1. e4 e6 2. d4 c5 3. Nf3 cxd4 4. Nxd4 a6 5. g3 Qc7 6. Bg2 Nc6 7. 0-0 Nf6 8. Nxc6 dxc6 9. a4 a5 10. Na3 e5 11. Nc4 Be6 12. Qe2 Bc5 13. h3 0-0 14. Kh2 b5 15. axb5 cxb5 16. Ne3 Bxe3 17. Qxe3 Qxc2 18. f4 Qc7 19. b3 Bc8 20. Bb2 Nd7 21. Rac1 Qb8 22. fxe5 Nxe5 23. Qd4 Re8 24. Qd5 Qb7 25. Rfd1 Qxd5 26. Rxd5 f6 27. Rxb5 1/2-1/2

[Event "Bucharest (Women)"]
[Site "Bucharest"]
[Date "1991.??.??"]
[Round "?"]
[White "Shikova, Vesmina W"]
[Black "Teodorescu, Margareta"]
[Result "1-0"]
[WhiteElo "2120"]
[BlackElo "2100"]
[PlyCount "59"]
[EventDate "1991.??.??"]
[EventType "tourn"]
[EventRounds "11"]
[EventCountry "ROU"]
[SourceTitle "EXT 1997"]
[Source "ChessBase"]
[SourceDate "1996.11.15"]
[SourceVersion "1"]
[SourceVersionDate "1996.11.15"]
[SourceQuality "1"]

1. e4 e5 2. Bc4 Bc5 3. Qg4 Qf6 4. Nf3 Ne7 5. Qg3 d6 6. d3 h6 7. Be3 Nbc6 8. Nc3 Nd4 9. Bxd4 exd4 10. Nd5 Nxd5 11. Bxd5 Bb4+ 12. Kf1 c6 13. Bb3 0-0 14. h4 Be6 15. h5 Rad8 16. Rh4 Bc5 17. Rf4 Qe7 18. Re1 Bb6 19. Bxe6 fxe6 20. Rg4 c5 21. Nh4 Rf7 22. Ng6 Qd7 23. Kg1 c4 24. f4 cxd3 25. cxd3 Qb5 26. f5 exf5 27. exf5 Re8 28. Rxe8+ Qxe8 29. Re4 Qd7 30. Qe1 1-0

[Event "BUL-Spartakiad 7th "]
[Site "Sofia"]
[Date "1989.??.??"]
[Round "?"]
[White "Chilingirova, Pavlina"]
[Black "Shikova, Vesmina W"]
[Result "1-0"]
[WhiteElo "2265"]
[BlackElo "2190"]
[PlyCount "37"]
[EventDate "1989.07.??"]
[EventType "team-swiss"]
[EventRounds "7"]
[EventCountry "BUL"]
[SourceTitle "EXT 2009"]
[Source "ChessBase"]
[SourceDate "2008.11.26"]
[SourceVersion "1"]
[SourceVersionDate "2008.11.26"]
[SourceQuality "1"]

1. d4 g6 2. e4 Bg7 3. Nf3 d6 4. Nc3 c6 5. a4 a5 6. Be3 e6 7. Be2 Ne7 8. Qd2 h6 9. h4 d5 10. Bf4 Na6 11. Ne5 Nb4 12. 0-0 Ng8 13. exd5 exd5 14. Rfe1 Qxh4 15. Bg4 Ne7 16. Bxc8 Rxc8 17. Nf3 Qg4 18. Bd6 Bf8 19. Rxe7+ 1-0

[Event "Naleczow (Women)"]
[Site "Naleczow"]
[Date "1985.07.??"]
[Round "2"]
[White "Shikova, Vesmina W"]
[Black "Wagner Michel, Annett"]
[Result "1/2-1/2"]
[WhiteElo "2040"]
[BlackElo "2080"]
[PlyCount "33"]
[EventDate "1985.07.??"]
[EventType "tourn"]
[EventRounds "13"]
[EventCountry "POL"]
[SourceTitle "EXT 2003"]
[Source "ChessBase"]
[SourceDate "2002.11.25"]
[SourceVersion "1"]
[SourceVersionDate "2002.11.25"]
[SourceQuality "1"]

1. d4 d5 2. Bg5 g6 3. Nd2 Bg7 4. c3 c5 5. dxc5 Na6 6. Nb3 Nf6 7. Bxf6 Bxf6 8. e3 0-0 9. Nf3 e6 10. Nfd4 Qc7 11. Nb5 Qe7 12. Nd6 Nxc5 13. Nxc5 Qxd6 14. Ne4 Qe5 15. Nxf6+ Qxf6 16. Be2 Rd8 17. 0-0 1/2-1/2

[Event "Naleczow (Women)"]
[Site "Naleczow"]
[Date "1985.07.??"]
[Round "6"]
[White "Szmacinska, Grazyna"]
[Black "Shikova, Vesmina W"]
[Result "1-0"]
[WhiteElo "2120"]
[BlackElo "2040"]
[PlyCount "45"]
[EventDate "1985.07.??"]
[EventType "tourn"]
[EventRounds "13"]
[EventCountry "POL"]
[SourceTitle "EXT 2003"]
[Source "ChessBase"]
[SourceDate "2002.11.25"]
[SourceVersion "1"]
[SourceVersionDate "2002.11.25"]
[SourceQuality "1"]

1. d4 g6 2. e4 Bg7 3. c3 d6 4. f4 Nf6 5. Bd3 0-0 6. Nf3 b6 7. 0-0 Bb7 8. Nbd2 e6 9. e5 Nd5 10. Ne4 a6 11. Qe1 b5 12. h4 h5 13. Qe2 Nc6 14. Nfg5 Nce7 15. Ng3 Nf5 16. Bxf5 exf5 17. Nxf5 Re8 18. Nxg7 Kxg7 19. f5 f6 20. fxg6 fxg5 21. Qxh5 Rh8 22. Rf7+ Kg8 23. Rh7 1-0

[Event "Decin (Women) 05th"]
[Site "Decin"]
[Date "1982.05.30"]
[Round "2"]
[White "Szmacinska, Grazyna"]
[Black "Shikova, Vesmina W"]
[Result "1/2-1/2"]
[WhiteElo "2145"]
[BlackElo "2015"]
[PlyCount "40"]
[EventDate "1982.05.29"]
[EventType "tourn"]
[EventRounds "13"]
[EventCountry "CSR"]
[SourceTitle "EXT 2006"]
[Source "ChessBase"]
[SourceDate "2005.11.24"]
[SourceVersion "1"]
[SourceVersionDate "2005.11.24"]
[SourceQuality "1"]

1. d4 Nc6 2. Nf3 d5 3. c4 Bg4 4. e3 e6 5. Nc3 Nf6 6. Be2 Be7 7. 0-0 0-0 8. b3 h6 9. Bb2 Nh7 10. e4 dxe4 11. Nxe4 Nf6 12. Ng3 Nh5 13. Qd2 Nxg3 14. hxg3 Bf6 15. Rfd1 Qe7 16. Ne5 Bxe5 17. Bxg4 Rad8 18. Qe3 Bf6 19. Rab1 Rfe8 20. Bc3 Nb4 1/2-1/2

[Event "BUL-ch (Women)"]
[Site "Sofia"]
[Date "1982.??.??"]
[Round "5"]
[White "Chilingirova, Pavlina"]
[Black "Shikova, Vesmina W"]
[Result "1-0"]
[WhiteElo "2030"]
[BlackElo "2015"]
[PlyCount "155"]
[EventDate "1982.??.??"]
[EventType "tourn"]
[EventRounds "13"]
[EventCountry "BUL"]
[SourceTitle "EXT 1999"]
[Source "ChessBase"]
[SourceDate "1998.11.16"]
[SourceVersion "1"]
[SourceVersionDate "1998.11.16"]
[SourceQuality "1"]

1. d4 Nf6 2. c4 c5 3. Nf3 cxd4 4. Nxd4 b6 5. Nc3 Bb7 6. f3 g6 7. e4 Nc6 8. Be3 Bg7 9. Be2 0-0 10. Qd2 Rc8 11. 0-0 Qc7 12. Ndb5 Qb8 13. Rac1 d6 14. Rfd1 Rfd8 15. b3 Rd7 16. Nd5 e6 17. Nxf6+ Bxf6 18. f4 Rcd8 19. Bf3 Ba8 20. Qf2 Be7 21. Rd2 a6 22. Nc3 b5 23. Bb6 Rc8 24. c5 Bd8 25. Bxd8 Nxd8 26. b4 Rdc7 27. Ne2 dxc5 28. bxc5 Qa7 29. Rcd1 Nb7 30. Rd7 Rxd7 31. Rxd7 Qxc5 32. e5 Qxf2+ 33. Kxf2 Nc5 34. Rd6 Bxf3 35. Kxf3 Kf8 36. Nd4 Ke8 37. Ke3 h5 38. g3 Ra8 39. Rc6 Na4 40. Nf3 Nb2 41. Nd2 Kd7 42. Rc2 Na4 43. Ne4 Ra7 44. Nf6+ Kd8 45. Rc6 Nb2 46. Kd4 Nc4 47. h3 a5 48. Kc5 Rb7 49. Ra6 Kc7 50. Ra8 Nb2 51. Ne8+ Kd7 52. Nf6+ Kc7 53. Ne8+ Kd7 54. Nd6 Na4+ 55. Kd4 Rc7 56. Nxb5 Rc2 57. Rxa5 Rxa2 58. Ra7+ Kc6 59. Nd6 Kb6 60. Ra8 Ra3 61. Nc4+ Kb7 62. Nxa3 Kxa8 63. Nc4 Kb8 64. Nd6 Nb6 65. Nxf7 Nd5 66. Ng5 h4 67. g4 Nxf4 68. Ke4 Ne2 69. Nxe6 Kc8 70. Nf4 Ng1 71. Nxg6 Nxh3 72. Nxh4 Kd7 73. Kf5 Ke7 74. Ng6+ Ke8 75. g5 Nf2 76. Nf4 Nd1 77. Nd5 Nf2 78. g6 1-0

[Event "BUL-ch (Women)"]
[Site "Sofia"]
[Date "1982.??.??"]
[Round "1"]
[White "Shikova, Vesmina W"]
[Black "Nestorova, Lozanka"]
[Result "1/2-1/2"]
[WhiteElo "2015"]
[BlackElo "2030"]
[PlyCount "45"]
[EventDate "1982.??.??"]
[EventType "tourn"]
[EventRounds "13"]
[EventCountry "BUL"]
[SourceTitle "EXT 1999"]
[Source "ChessBase"]
[SourceDate "1998.11.16"]
[SourceVersion "1"]
[SourceVersionDate "1998.11.16"]
[SourceQuality "1"]

1. e4 d5 2. exd5 Nf6 3. Nf3 Nxd5 4. d4 Bg4 5. Be2 e6 6. 0-0 Be7 7. Ne5 Bxe2 8. Qxe2 0-0 9. c4 Nf6 10. Be3 Nbd7 11. Nc3 c6 12. Rfd1 Re8 13. Nxd7 Qxd7 14. Rd2 Rad8 15. Rad1 Qc7 16. Bg5 a6 17. Ne4 Nxe4 18. Bxe7 Nxd2 19. Bxd8 Rxd8 20. Rxd2 h6 21. Qe3 e5 22. dxe5 Rxd2 23. Qxd2 1/2-1/2

[Event "BUL-ch (Women)"]
[Site "Sofia"]
[Date "1982.??.??"]
[Round "4"]
[White "Shikova, Vesmina W"]
[Black "Savova, Stefka"]
[Result "1/2-1/2"]
[WhiteElo "2015"]
[BlackElo "2000"]
[PlyCount "58"]
[EventDate "1982.??.??"]
[EventType "tourn"]
[EventRounds "13"]
[EventCountry "BUL"]
[SourceTitle "EXT 1999"]
[Source "ChessBase"]
[SourceDate "1998.11.16"]
[SourceVersion "1"]
[SourceVersionDate "1998.11.16"]
[SourceQuality "1"]

1. e4 c5 2. g3 d6 3. Bg2 Nc6 4. d3 g6 5. f4 Bg7 6. Nf3 e6 7. 0-0 Rb8 8. c3 Nge7 9. Be3 b6 10. d4 cxd4 11. Nxd4 Nxd4 12. Bxd4 e5 13. Be3 0-0 14. Qd2 Qc7 15. Na3 Ba6 16. Rfd1 Rfd8 17. Qf2 Bh6 18. Rd2 d5 19. fxe5 Bxe3 20. Qxe3 Qxe5 21. Re1 dxe4 22. Rxd8+ Rxd8 23. Bxe4 Nf5 24. Qf2 Re8 25. Nc2 Qb5 26. Bd3 Rxe1+ 27. Nxe1 Qa5 28. Bxa6 Qxa6 29. a3 Qc4 1/2-1/2

[Event "BUL-ch (Women) playoff"]
[Site "Sofia"]
[Date "1982.??.??"]
[Round "3"]
[White "Shikova, Vesmina W"]
[Black "Zlatanova, Emilia"]
[Result "1-0"]
[WhiteElo "2015"]
[BlackElo "1980"]
[PlyCount "98"]
[EventDate "1982.??.??"]
[EventType "tourn"]
[EventRounds "5"]
[EventCountry "BUL"]
[SourceTitle "EXT 1999"]
[Source "ChessBase"]
[SourceDate "1998.11.16"]
[SourceVersion "1"]
[SourceVersionDate "1998.11.16"]
[SourceQuality "1"]

1. e4 e5 2. Nc3 Nf6 3. Bc4 Be7 4. d3 c6 5. f4 d5 6. exd5 exf4 7. dxc6 Nxc6 8. Bxf4 0-0 9. Qd2 Na5 10. Bb3 Nxb3 11. axb3 Bb4 12. Nge2 Re8 13. 0-0 Ng4 14. h3 Ne5 15. d4 Ng6 16. Bg3 Bd7 17. Qd3 Bc6 18. d5 Bc5+ 19. Kh2 Bd7 20. Ne4 Qe7 21. N2c3 Ne5 22. Qd2 Bb4 23. Qf4 h6 24. Rae1 Rac8 25. d6 Qd8 26. Nf6+ Qxf6 27. Qxb4 Qg5 28. Qxb7 Bc6 29. Rxe5 Qxg3+ 30. Kxg3 Bxb7 31. Rfe1 Rxe5 32. Rxe5 Rd8 33. Re7 Bc6 34. Ne2 Rxd6 35. Nf4 g5 36. Nd3 Bb5 37. Ne5 Rd2 38. c4 Rxb2 39. cxb5 Rxb3+ 40. Kh2 Rxb5 41. Nxf7 h5 42. Rxa7 Kf8 43. Nd6 Rd5 44. Ne4 Rb5 45. Nf6 h4 46. Rd7 Ra5 47. Rd5 Rxd5 48. Nxd5 Kf7 49. Ne3 Ke6 1-0

[Event "Olympiad Women-08 Final A"]
[Site "Buenos Aires"]
[Date "1978.??.??"]
[Round "7"]
[White "Hund, Barbara"]
[Black "Shikova, Vesmina W"]
[Result "1-0"]
[WhiteElo "2075"]
[BlackElo "2115"]
[PlyCount "93"]
[EventDate "1978.10.25"]
[EventType "team-tourn"]
[EventRounds "7"]
[EventCountry "ARG"]
[SourceTitle "EXT 2019"]
[Source "ChessBase"]
[SourceDate "2018.10.10"]
[SourceVersion "1"]
[SourceVersionDate "2018.10.10"]
[SourceQuality "1"]
[WhiteTeam "Germany (W)"]
[BlackTeam "Bulgaria (W)"]
[WhiteTeamCountry "GER"]
[BlackTeamCountry "BUL"]

1. e4 c5 2. Nf3 d6 3. d4 cxd4 4. Nxd4 Nf6 5. Nc3 Nc6 6. Nd5 e6 7. Nxf6+ Qxf6 8. Nb5 Qd8 9. Bf4 e5 10. Be3 a6 11. Nc3 Be6 12. Nd5 Bxd5 13. Qxd5 Qa5+ 14. Qxa5 Nxa5 15. Bb6 Nc6 16. Be2 Nb4 17. Bd1 Rc8 18. Ba5 Rc4 19. 0-0 Nc6 20. Bd2 Rxe4 21. b3 Rd4 22. Be3 Rd5 23. c4 Rd3 24. Bc2 Rc3 25. Bb1 d5 26. Bd2 d4 27. Be4 Ba3 28. Rfe1 Kd7 29. Bxc3 dxc3 30. Bxc6+ Kxc6 31. Re2 Rd8 32. Kf1 f6 33. Rc2 Kc5 34. Ke2 Bb2 35. Rd1 Rxd1 36. Kxd1 b5 37. Re2 bxc4 38. bxc4 Kxc4 39. Kc2 Kd4 40. Re1 e4 41. Rd1+ Ke5 42. Rd7 f5 43. Rxg7 f4 44. Rxh7 e3 45. fxe3 fxe3 46. Kd3 Kf6 47. Rc7 1-0

[Event "Olympiad Women-08 Final A"]
[Site "Buenos Aires"]
[Date "1978.??.??"]
[Round "1"]
[White "Makai, Zsuzsa"]
[Black "Shikova, Vesmina W"]
[Result "1/2-1/2"]
[WhiteElo "2240"]
[BlackElo "2115"]
[PlyCount "57"]
[EventDate "1978.10.25"]
[EventType "team-tourn"]
[EventRounds "7"]
[EventCountry "ARG"]
[SourceTitle "EXT 2019"]
[Source "ChessBase"]
[SourceDate "2018.10.10"]
[SourceVersion "1"]
[SourceVersionDate "2018.10.10"]
[SourceQuality "1"]
[WhiteTeam "Hungary (W)"]
[BlackTeam "Bulgaria (W)"]
[WhiteTeamCountry "HUN"]
[BlackTeamCountry "BUL"]

1. e4 c5 2. c4 Nc6 3. Nf3 e5 4. Nc3 Nge7 5. d3 d6 6. a3 g6 7. Bg5 Bg7 8. Nd5 0-0 9. Qd2 f6 10. Be3 Nd4 11. Nxd4 exd4 12. Bf4 Nxd5 13. cxd5 f5 14. f3 Re8 15. h4 h5 16. 0-0-0 b5 17. Kb1 a5 18. Be2 fxe4 19. fxe4 c4 20. dxc4 bxc4 21. Bxc4 Rxe4 22. Bd3 Bf5 23. Ka1 Qb6 24. Rhf1 Rb8 25. Qc2 Rc8 26. Qa4 Rb8 27. Qc2 Rc8 28. Qa4 Rb8 29. Qc2 1/2-1/2

[Event "Novosibirsk Revolution 60 (Women)"]
[Site "Novosibirsk"]
[Date "1977.07.??"]
[Round "?"]
[White "Kozlovskaya, Valentina"]
[Black "Shikova, Vesmina W"]
[Result "1-0"]
[WhiteElo "2260"]
[BlackElo "2100"]
[PlyCount "69"]
[EventDate "1977.07.05"]
[EventType "tourn"]
[EventRounds "15"]
[EventCountry "URS"]
[SourceTitle "EXT 2010"]
[Source "ChessBase"]
[SourceDate "2010.11.25"]
[SourceVersion "1"]
[SourceVersionDate "2010.11.25"]
[SourceQuality "1"]

1. d4 g6 2. c4 Bg7 3. e4 d6 4. Nc3 e5 5. d5 Nh6 6. Bd3 0-0 7. h4 f6 8. f3 Nf7 9. h5 g5 10. Be3 Nd7 11. g4 a5 12. Nge2 Nc5 13. Ng3 h6 14. 0-0 Bd7 15. b3 Re8 16. Be2 Bf8 17. a3 Qe7 18. b4 axb4 19. axb4 Rxa1 20. Qxa1 Na6 21. Rb1 Bc8 22. Qa5 c5 23. dxc6 bxc6 24. b5 cxb5 25. cxb5 Nc5 26. Nd5 Qd8 27. Qxd8 Rxd8 28. Nxf6+ Kg7 29. Nd5 Be6 30. Nc7 Kf6 31. b6 Rb8 32. Nf5 Nd8 33. Ne8+ Kf7 34. Nexd6+ Bxd6 35. Nxd6+ 1-0